000
00327nam a2200133Ia 4500
008
191201s2004 xx 000 0 und d
100
_a
SARAF, V K
245
0
_a
How to Become a Good Leader: Pathways to Perfection
250
_a
8th
260
_a
N.Delhi
_b
UBSPD,
_c
2004
300
_a
299
650
_a
Applied
942
_2
ddc
_c
BK
999
_c
2051
_d
2051